000 00633nam a2200181 i 4500
001 133593
003 ES-MaACL
007 t|
008 070821s1966 sp ||||1| spa d
100 1 _aWolleh, Lothar.
_9117283
245 1 3 _aEl Concilio
_b: Concilio Vaticano II /
_cLothar Wolleh ; un documento con la colaboración de Emil Schmitz ; [traducido por Manuel Trenchs].
260 _aBarcelona :
_bBlume,
_c[1966]
300 _a116 p. :
_bil. ;
_c44 cm.
611 2 4 _aConcilio Vaticano (
_n2º.
_d1962-1965)
_9122
700 1 _aSchmitz, Emil.
_9104526
700 1 _aTrenchs, Manuel.
_9111315
852 _aES-MaACL
_jB-7746
_bR.63390
999 _c133593
_d133593